Statistics for Countries Closest to Barbados

Click here to take the quiz!

General Stats

  • This quiz has been taken 86 times
    (84 since last reset)
  • The average score is 11 of 12

Answer Stats

MilesCountry% Correct
306.3Antigua and Barbuda
99%
206.7Trinidad and Tobago
99%
196.1Dominica
97%
153Grenada
95%
576.9Guyana
93%
683.8Suriname
92%
108.3St. Lucia
88%
118.2St. Vincent and the Grenadines
88%
669.4Venezuela
88%
801.7Dominican Republic
87%
934.2Haiti
87%
359.4St. Kitts and Nevis
87%

Score Distribution

Percentile by Number Answered

Percent of People with Each Score

Your Score History

You have not taken this quiz since the last reset